000 00824nam a2200229Ia 4500
001 8838
003 GE_BSU
008 181216s||||||||xx |||||||||||||| ||und||
040 _cGE_BSU
080 _a821.353.1–31
100 _aკალაძე,კარლო
245 _aმზე ცეცხლის კვამლში ამოდიოდა
245 _bრომანი ლექსად
245 _cრედ. მ.ქოიავა.მხატვ.რედ. სპარტაკ ცინცაძე
260 _aთბილისი
260 _bმერანი
260 _c1975
300 _a114გვ.16სმ,ილ;
653 _aმზე ცეცხლის კვამლში ამოდიოდა
653 _aრომანი ლექსად
942 _cBK
999 _c42145
_d42145